مكتبة جامعة عجلون الوطنية

فهرس بحث المكتبة

Normal view MARC view
  • طوائف دينية- لبنان

Entry Topical Term

Number of records used in: 1

001 - CONTROL NUMBER

  • control field: 43806

003 - CONTROL NUMBER IDENTIFIER

  • control field: JO-AjAnu

005 - DATE AND TIME OF LATEST TRANSACTION

  • control field: 20230606081246.0

008 - FIXED-LENGTH DATA ELEMENTS

  • fixed length control field: 230606|| aca||aabn | a|a d

040 ## - CATALOGING SOURCE

  • Original cataloging agency: JO-AjAnu
  • Transcribing agency: JO-AjAnu

150 ## - HEADING--TOPICAL TERM

  • Topical term or geographic name entry element: طوائف دينية- لبنان

670 ## - SOURCE DATA FOUND

  • Source citation: Work cat.: (JO-AjAnu)22427: اعداد مسرة، قيس، ربيع، اعداد عطالله، طوني, author 43805, مرصد التعددية الدينية في لبنان والمجتمعات العربية: وقائع الندوة التي عقدت في كلية العلوم الدينية/ جامعة القديس يوسف: "الماستر في العلاقات الاسلامية المسيحية في 24و25 تشرين الاول 2009